000 00511nam a22002177a 4500
003 UA-OsUOA
001 38200
007 ta
008 20060428b un ||||| |||| 00| 0 ukr d
100 _aДяків Тереза
090 _a32
_bД11
942 _cSA
040 _aUA-OsUOA
_bukr
_cUA-OsUOA
_dUA-OsUOA
245 _aПопіл Чорнобиля стукає в серце
300 _a13 с.
955 _a0
041 _aukr
080 _a32
773 0 _w38198
650 7 _a32 Політика
_2UDC
999 _c324367
_d324367